Szczegóły MARC21

Vademecum - źródła informacji o Unii Europejskiej /

003 -Nazwa inst., której nr kontr. jest w polu 001 [,]
    • @
    • Nazwa instytucji, której n kontrolny jest w polu 001
    • NUKAT
005 -DATA I CZAS OSTATNIEJ MODYFIKACJI [,]
    • @
    • pole kontrolne
    • 20241231104516.0
020 -Międzynarod. znormalizowany nr książki - ISBN [ , ]
    • a
    • Numer ISBN
    • 8389972190 Find
040 -Instytucja sporządzająca opis [ , ]
    • a
    • Instytucja, która sporządziła opis (NP)
    • WR U/PAd
    • c
    • Instytucja, która sporządziła rekord (NP)
    • WR U/ap
    • d
    • Instytucja, która zmodyfikowała rekord (P)
    • WR U/jm
    • d
    • Instytucja, która zmodyfikowała rekord (P)
    • LUBL M/ASs
    • d
    • Instytucja, która zmodyfikowała rekord (P)
    • KIEL 008/JS
942 -Rodzaj dokumentu [ , ]
    • c
    • Rodzaj dokumentu
    • Książka
245 -Strefa tytułu i oznaczenia odpowiedzialności [0,0]
    • a
    • Tytuł
    • Vademecum - źródła informacji o Unii Europejskiej / Find
    • c
    • Pozostałe elementy strefy tytułu i oznaczenia odpowiedzialności (NP)
    • [koordynacja i oprac. Anna Kierzkowska et al.] ; Biblioteka Depozytowa Wspólnot Europejskich. Urząd Komitetu Integracji Europejskiej.
250 -Strefa wydania [ , ]
    • a
    • Oznaczenie wydania (NP)
    • Wyd. 3.
260 -Strefa adresu wydawniczego [ , ]
    • a
    • Miejsce wydania (P)
    • Warszawa :
    • b
    • Nazwa wydawcy (P)
    • UKIE. Departament Dokumentacji Europejskiej i Publikacji,
    • c
    • Data wydania (P)
    • 2004.
300 -Strefa opisu fizycznego [ , ]
    • a
    • Określenie formy książki i/lub objętość (NP)
    • 479 s. ;
    • c
    • Format (NP)
    • 24 cm.
336 -Typ zawartości [ , ]
    • a
    • Termin opisujący typ zawartości
    • Tekst
    • b
    • Kod określający zawartość
    • txt
    • 2
    • Źródło (terminu i kodu)
    • rdacontent
337 -Typ mediów [ , ]
    • a
    • Tryb odtwarzania
    • Bez urządzenia pośredniczącego
    • b
    • Kod typu mediów
    • n
    • 2
    • Źródło (terminu i kodu)
    • rdamedia
338 -Typ/rodzaj nośnika [ , ]
    • a
    • Hasło opisujące typ nośnika
    • Wolumin
    • b
    • Kod typu nośnika
    • nc
    • 2
    • Źródło (terminu i kodu)
    • rdacarrier
500 -Uwaga ogólna [ , ]
    • a
    • Uwaga ogólna (NP)
    • Suplement zamieszczony w książce zawiera spis wydarzeń historii Unii Europejskiej i integracji Polski z UE w latach 1998-2004.
500 -Uwaga ogólna [ , ]
    • a
    • Uwaga ogólna (NP)
    • Adresy internetowe przy hasłach.
500 -Uwaga ogólna [ , ]
    • a
    • Uwaga ogólna (NP)
    • Na okł. oznaczenie: 015 [nr kolejnej poz. wydawniczej].
504 -Uwaga dot. bibliogr. załącznikowej [ , ]
    • a
    • Uwaga dot. bibliografii załącznikowej
    • Indeks.
530 -Uwaga dot. innej postaci fizycznej dokumentu [ , ]
    • a
    • Uwaga dot. innej postaci fizycznej dokumentu
    • Publikacja dostępna również w wersji elektronicznej na płycie CD.
080 -Uniwersalna Klasyfikacja Dziesiętna [ , ]
    • 2
    • Identyfikator wydania tablic
    • UDC-PO58
    • a
    • Symbol klasyfikacji
    • 339.923
    • b
    • Dopowiedzenie
    • Unie gospodarcze. Wspólnoty gospodarcze. Bloki gospodarcze.
    • x
    • Poddział wspólny
    • (4-67)
    • b
    • Dopowiedzenie
    • Kraje Unii Europejskiej.
    • x
    • Poddział wspólny
    • "1989/..."
    • b
    • Dopowiedzenie
    • Od 1989 roku.
    • x
    • Poddział wspólny
    • (058)
    • b
    • Dopowiedzenie
    • Roczniki. Informatory. Księgi adresowe. Spisy osób różnych zawodów.
080 -Uniwersalna Klasyfikacja Dziesiętna [ , ]
    • 2
    • Identyfikator wydania tablic
    • UDC-PO58
    • a
    • Symbol klasyfikacji
    • 061.1A/Z
    • b
    • Dopowiedzenie
    • Organizacje rządowe. Organizacje międzynarodowe (rządowe).
    • x
    • Poddział wspólny
    • (4-67)
    • b
    • Dopowiedzenie
    • Kraje Unii Europejskiej.
    • x
    • Poddział wspólny
    • "1989/..."
    • b
    • Dopowiedzenie
    • Od 1989 roku.
    • x
    • Poddział wspólny
    • (058)
    • b
    • Dopowiedzenie
    • Roczniki. Informatory. Księgi adresowe. Spisy osób różnych zawodów.
080 -Uniwersalna Klasyfikacja Dziesiętna [ , ]
    • 2
    • Identyfikator wydania tablic
    • UDC-PO58
    • a
    • Symbol klasyfikacji
    • 004.774
    • b
    • Dopowiedzenie
    • Strony WWW.
    • x
    • Poddział wspólny
    • (058)
    • b
    • Dopowiedzenie
    • Roczniki. Informatory. Księgi adresowe. Spisy osób różnych zawodów.
610 -Hasło przedmiotowe w formie nazwy ciała zbiorowego [2,7]
    • a
    • Nazwa ciała zbiorowego lub nazwa geograficzna
    • Unia Europejska
    • v
    • Określnik formalny
    • wydawnictwa informacyjne.
    • 2
    • Źródło terminu
    • kaba
    • 9
    • KHW
    • 367752
980 -Symbol UKD [ , ]
    • a
    • UKD
    • 339.923:061.1Unia Europejska](4-67)"1989/..."(058):004.774(058)
700 -Hasło dodatkowe - nazwa osobowa [1, ]
    • a
    • Nazwa osobowa (NP)
    • Kierzkowska, Anna. Find
    • e
    • Określenie rodzaju współpracy
    • Oprac.
    • 9
    • KHW
    • 575839
710 -Hasło dodatkowe - nazwa ciała zbiorowego [1, ]
    • a
    • Nazwa ciała zbiorowego lub nazwa geograficzna jako pierwszy element (NP)
    • Polska.
    • b
    • Nazwa jednostki podrzędnej (P)
    • Urząd Komitetu Integracji Europejskiej.
    • b
    • Nazwa jednostki podrzędnej (P)
    • Biblioteka Depozytowa Wspólnot Europejskich.
    • 9
    • KHW
    • 248892
920 -ISBN [ , ]
    • a
    • ISBN
    • 83-89972-19-0 Find
Lokalizacja Data inwentaryzacji Sygnatura Numer inwentarzowy Status udost.
BE2006-01-09 E.69928-2
BG2005-04-12 CDE.14191
BG2007-06-26 Z.1088291
BNS2006-01-09 H.139921
BSA2006-01-09SA.13978SA.139781
T2006-01-09 T.8920-2